|
|
|
|
| LEADER |
01325cas a2200337 4500 |
| 001 |
00020950 |
| 008 |
100927r20031985bg mx p w 0 a0eng d |
| 040 |
|
|
|a BD-DhAAL
|c BD-DhAAL
|
| 082 |
0 |
0 |
|a 348.5492/046
|
| 999 |
|
|
|c 9978
|d 9978
|
| 999 |
|
|
|c 9978 | 9978 | 9978
|
| 999 |
|
|
|c 9978
|
| 999 |
|
|
|c 9978
|
| 130 |
0 |
|
|a BLD
|9 796
|
| 222 |
|
0 |
|a Bangladesh legal decisions
|
| 245 |
0 |
0 |
|a Bangladesh legal decisions, volume no. 5 /
|c edited by Kazi Ebadul Hoque
|
| 246 |
3 |
0 |
|a B.L.D.
|
| 246 |
1 |
7 |
|a BLD
|
| 260 |
|
|
|a Dhaka :
|b Bangladesh Bar Council,
|c 1985- [Reprinted 2003]
|
| 310 |
|
|
|a Monthly, with an annual cumulation
|
| 362 |
0 |
|
|a Vol. V (1985)-
|
| 500 |
|
|
|a Title from caption.
|
| 500 |
|
|
|a Latest issue consulted: Vol. 5,1985
|
| 541 |
|
|
|e 00020950
|
| 650 |
|
0 |
|a Law reports, digests, etc.
|z Bangladesh.
|9 3842
|
| 700 |
1 |
|
|a Hoque, Kazi Ebadul
|9 798
|
| 710 |
2 |
|
|a Bangladesh Bar Council.
|9 799
|
| 852 |
4 |
|
|a Ayesha Abed Library
|j General shelf .
|
| 942 |
|
|
|2 ddc
|c 1HOUR
|0 1
|
| 952 |
|
|
|0 0
|1 0
|2 ddc
|4 0
|6 348_549204600000000_BAN_1985
|7 0
|8 REF
|9 12954
|a BRACUL
|b BRACUL
|c CIR
|d 2010-10-31
|l 1
|o 348.5492046 BAN
|p 3010020950
|r 2012-03-28
|s 2012-03-28
|t 1
|w 2010-10-31
|y 1HOUR
|
| 952 |
|
|
|0 0
|1 0
|2 ddc
|4 0
|6 348_549204600000000_BAN
|7 0
|9 23906
|a BRACUL
|b BRACUL
|c REF
|d 2014-02-23
|l 5
|o 348.5492046 BAN
|p 3010024534
|r 2017-03-23
|s 2017-03-23
|t 2
|w 2014-02-23
|y 1HOUR
|